| 000 | 00950nam a2200241Ia 4500 | ||
|---|---|---|---|
| 003 | OSt | ||
| 005 | 20220923222011.0 | ||
| 006 | a|||||r|||| 00| 0 | ||
| 007 | ta | ||
| 008 | 220922b |||||||| |||| 00| 0 hin d | ||
| 024 | _a201,594 | ||
| 037 | _cTextual | ||
| 040 |
_aARTS _cARTS _bhin |
||
| 041 |
_2hin _ahin |
||
| 082 | _aV2,4N51, 152M6 | ||
| 100 |
_aकेलकर, भालचन्द्र कृष्णजी _9162028 |
||
| 245 | 0 | _aदीनदयाल उपाध्याय विचार दर्शन खण्ड 3 राजनीति चिन्तन | |
| 246 | _aDīnadayāl upādhyāya vichār darshan khaṇḍa 3 rājanīti chintana | ||
| 260 |
_aनई दिल्ली _b सुरूचि प्रकाशन _c1986 |
||
| 300 |
_a120पृ. _ccm. |
||
| 942 |
_hV2,4N51, 152M6 _cTEXL _2CC |
||
| 999 |
_c353247 _d353247 |
||